|
|
|
|
| LEADER |
00000nab a2200000ua 4500 |
| 001 |
vtls010835059 |
| 003 |
SK-MaSNL |
| 005 |
20260303225045.0 |
| 008 |
230222s2012 xo |||||||||||||||||eng| |
| 035 |
|
|
|a (urnnbn)urn:nbn:sk:snk:ar-a06pv7
|
| 035 |
|
|
|a urn:nbn:sk:snk-ab5z3u
|
| 035 |
|
|
|a (uuid)a08757e3-ac47-46e1-9bc4-333c4ac82bdf
|
| 040 |
|
|
|a SNKBUCL
|b slo
|c SNKBUCL
|e AACR2
|
| 041 |
0 |
|
|a eng
|
| 044 |
|
|
|a xo
|c SK
|
| 100 |
1 |
|
|a Litecká, Juliána,
|d 1984-
|4 aut
|9 213884
|
| 245 |
1 |
0 |
|a Profiling Methods of Precision Tools for Spur Gear Production
|c Juliana Litecka, Slavko Pavlenko, Veronika Fecova
|
| 700 |
1 |
|
|a Pavlenko, Slavko
|4 aut
|9 8972
|
| 700 |
1 |
|
|a Fecova, Veronika
|4 aut
|9 655571
|
| 773 |
0 |
|
|t Výrobné inžinierstvo
|g Roč. 11, č. 3 (2012), s. 26-29
|
| 958 |
|
|
|a OND
|
| 958 |
|
|
|a EUIPO
|
| 958 |
|
|
|a article5
|
| 999 |
|
|
|c 2255404
|d 2257334
|